The Cave Temples of India (Record no. 13992)

000 -LEADER
fixed length control field 00327nam a2200145Ia 4500
003 - CONTROL NUMBER IDENTIFIER
control field OSt
005 - DATE AND TIME OF LATEST TRANSACTION
control field 20260416164102.0
008 - FIXED-LENGTH DATA ELEMENTS--GENERAL INFORMATION
fixed length control field 260210s9999 xx 000 0 und d
020 ## - INTERNATIONAL STANDARD BOOK NUMBER
International Standard Book Number 9788195549351
082 ## - DEWEY DECIMAL CLASSIFICATION NUMBER
Classification number 726.143 FER
100 ## - MAIN ENTRY--PERSONAL NAME
Personal name Fergusson
245 #4 - TITLE STATEMENT
Title The Cave Temples of India
260 ## - PUBLICATION, DISTRIBUTION, ETC. (IMPRINT)
Name of publisher, distributor, etc Kaveri
942 ## - ADDED ENTRY ELEMENTS (KOHA)
Item type R&D Books
Source of classification or shelving scheme
Holdings
Withdrawn status Lost status Source of classification or shelving scheme Damaged status Koha normalized classification for sorting Not for loan Permanent location Current location Shelving location Date acquired Full call number Barcode Date last seen Price effective from Koha item type
        726_143000000000000_FER   BMS College of Architecture, Design and Planning BMS College of Architecture, Design and Planning General Stacks 2025-12-18 726.143 FER AR-RD318 2026-02-10 2026-02-10 R&D Books
Copyright © 2025, The Librarian, Library and Information Centre, BMSCA D&P, Bengaluru. All Rights Reserved
web counter

Powered by Koha